Multi-level Governance Concept - Complementary Role of State in the European Union Economies of the 21St Century

Úloha štátu v regionálnej politike Európskej únie. Viacúrovňové a územné riadenie - diskusia a dôsledky. Úloha samosprávy v rozvojovej politike. Viacúrovňové riadenie v praxi európskej politiky súdržnosti.

Salvato in:
Dettagli Bibliografici
Autore principale: Kwaśny, Jakub
Natura: Capitolo di libro
Lingua:inglese
Soggetti:
Tags: Aggiungi Tag
Nessun Tag, puoi essere il primo ad aggiungerne!!

MARC

LEADER 00000naa a2200000 4500
001 0243910
005 20180612120117.7
041 0 |a eng 
044 |a SK 
245 1 0 |a Multi-level Governance Concept - Complementary Role of State in the European Union Economies of the 21St Century  |c Jakub Kwaśny 
520 |a Úloha štátu v regionálnej politike Európskej únie. Viacúrovňové a územné riadenie - diskusia a dôsledky. Úloha samosprávy v rozvojovej politike. Viacúrovňové riadenie v praxi európskej politiky súdržnosti. 
610 2 0 |a správa verejná 
610 2 0 |a sektor verejný 
610 2 0 |a Európska únia 
610 2 0 |a štát 
610 2 0 |a politika rozvojová 
610 2 0 |a politika kohézna 
100 1 |a Kwaśny, Jakub